000 00362 a2200109 4500
001 ART_14716
005 20260410161613.0
008 260409a
245 1 0 _aEl fin del imperialismo corporatico
100 1 _aPrahalad, C. K.
773 0 _tHarvard Business Review
_gIdeas clave de HBR para América Latina - Vol. 85, Nº 11 (nov. 2007)
_wREV340
999 _c10837
_d10837